| 000 | 00807nam a22002657a 4500 | ||
|---|---|---|---|
| 003 | CHAP | ||
| 005 | 20220329134321.0 | ||
| 008 | 971013s1970 r 00010 d | ||
| 010 | _a18621 | ||
| 011 | _a19593 | ||
| 035 | _a23678 | ||
| 040 | _cCHAP | ||
| 090 | _aFolleto 3889 | ||
| 245 | _aDesarrollo Agropecuario Ejidal de Sinaloa al servicio de los campesinos del Estado | ||
| 260 |
_aCuliacán, Sin. : _b(s.e.), _c1970 |
||
| 300 |
_a44 p. _b: ilus. |
||
| 590 |
_aBATCH-UPD _b10 _c20130110 _lUCH01 _h2233 |
||
| 590 |
_aCONVERSION _b10 _c20130109 _lUCH01 _h1311 |
||
| 650 | 1 | 4 |
_aEjidos _xSinaloa. _936029 |
| 650 | 1 | 4 |
_aSinaloa _xCondiciones rurales. _9106532 |
| 650 | 1 | 4 |
_aTierras _xTenencia _xSinaloa. _9113198 |
| 901 | _aBK | ||
| 942 | _cFOLL | ||
| 949 |
_aFolleto 3889 _bBC _cFOLL _d-55016 _eTS1 _i23678 _mD _si |
||
| 999 |
_c18621 _d18621 |
||